Earthquake Resistant Building Construction (Record no. 4606)

MARC details
000 -LEADER
fixed length control field 00415nam a22001697a 4500
005 - DATE AND TIME OF LATEST TRANSACTION
control field 20160629114917.0
008 - FIXED-LENGTH DATA ELEMENTS--GENERAL INFORMATION
fixed length control field 160629b xxu||||| |||| 00| 0 eng d
020 ## - INTERNATIONAL STANDARD BOOK NUMBER
ISBN 978-93-5014-204-2
041 ## - LANGUAGE CODE
Language code of text/sound track or separate title eng
082 ## - DEWEY DECIMAL CLASSIFICATION NUMBER
Item number 11895
100 ## - MAIN ENTRY--AUTHOR NAME
Personal name Sharma Neelam
245 ## - TITLE STATEMENT
Title Earthquake Resistant Building Construction
260 ## - PUBLICATION, DISTRIBUTION, ETC. (IMPRINT)
Name of publisher Katson
Year of publication 2012
300 ## - PHYSICAL DESCRIPTION
Number of Pages 200
650 ## - SUBJECT ADDED ENTRY--TOPICAL TERM
Topical Term Diploma Engineering
942 ## - ADDED ENTRY ELEMENTS (KOHA)
Koha item type Books
Holdings
Lost status Damaged status Home library Current library Shelving location Date acquired Cost, normal purchase price Full call number Accession Number Koha item type
    JRU Library   SHELF-47-C 29/06/2016 135.00 11895 11895 Books
    JRU Library     29/06/2016 135.00 11895 11896 Books
    JRU Library   SHELF-47-C 29/06/2016 135.00 11895 11897 Books
    JRU Library   SHELF-47-C 29/06/2016 135.00 11895 11898 Books
    JRU Library   SHELF-47-D 29/06/2016 135.00 11895 11899 Books
    JRU Library   SHELF-47-D 29/06/2016 135.00 11895 11900 Books
    JRU Library   SHELF-47-C 29/06/2016 135.00 11895 11901 Books
    JRU Library   SHELF-47-B 29/06/2016 135.00 11895 11902 Books
    JRU Library     29/06/2016 135.00 11895 11903 Books
    JRU Library   SHELF-47-D 29/06/2016 135.00 11895 11904 Books
    JRU Library     29/06/2016 135.00 11895 11905 Books
    JRU Library   SHELF-47-C 29/06/2016 135.00 11895 11906 Books
    JRU Library   SHELF-47-B 29/06/2016 135.00 11895 11907 Books
    JRU Library     29/06/2016 135.00 11895 11908 Books
    JRU Library   SHELF-47-C 29/06/2016 135.00 11895 11909 Books
    JRU Library   SHELF-47-D 29/06/2016 135.00 11895 11910 Books
    JRU Library   SHELF-47-B 29/06/2016 135.00 11895 11911 Books
    JRU Library   SHELF-47-C 29/06/2016 135.00 11895 11912 Books
    JRU Library   SHELF-47-D 29/06/2016 135.00 11895 11913 Books
    JRU Library   SHELF-47-D 29/06/2016 135.00 11895 11914 Books
    JRU Library   SHELF-47-D 29/06/2016 135.00 11895 11915 Books
    JRU Library   SHELF-47-D 29/06/2016 135.00 11895 11916 Books
    JRU Library   SHELF-47-C 29/06/2016 135.00 11895 11917 Books
    JRU Library   SHELF-47-C 29/06/2016 135.00 11895 11918 Books
    JRU Library   SHELF-47-C 29/06/2016 135.00 11895 11919 Books
    JRU Library   SHELF-47-B 29/06/2016 135.00 11895 11920 Books
    JRU Library   SHELF-47-B 29/06/2016 135.00 11895 11921 Books
    JRU Library   SHELF-47-C 29/06/2016 135.00 11895 11922 Books
    JRU Library   SHELF-47-C 29/06/2016 135.00 11895 11923 Books
    JRU Library   SHELF-47-D 29/06/2016 135.00 11895 11924 Books
    JRU Library   SHELF-47-C 29/06/2016 135.00 11895 11925 Books
    JRU Library   SHELF-47-D 29/06/2016 135.00 11895 11926 Books
    JRU Library   SHELF-47-D 29/06/2016 135.00 11895 11927 Books
    JRU Library   SHELF-47-B 29/06/2016 135.00 11895 11928 Books
    JRU Library   SHELF-47-D 29/06/2016 135.00 11895 11929 Books
    JRU Library   SHELF-47-D 29/06/2016 135.00 11895 11930 Books